000 00433nam a22001577a 4500
020 _a978-93-5009-312-2
082 _a920
_bBAI/W
100 _aBAILY, GERRY
100 _aFOSTER, KAREN
245 _aWILLIAM SHAKESPEARE
_bTHE BARD OF AVON
260 _aGURGAON
_bHACHETTE INDIA
_c2011
300 _a36
520 _aTHE FULLY ILLUSTRATED LIFE STORIES OF THE WORLD'S MOST INSPIRING PEOPLE!
650 _aBIOGRAPHY
_zINDIA
942 _cBK
999 _c5824
_d5824